| 000 | 00875nam a22003377a 4500 | ||
|---|---|---|---|
| 005 | 20240718183343.0 | ||
| 008 | 160113b xxu||||| |||| 00| | spa d | ||
| 020 | _a9788415142140 | ||
| 041 | _aESP | ||
| 082 | _a796.07 P188m | ||
| 100 | _aPancorbo Sandoval, Armando E. | ||
| 245 | _aMedicina y ciencias del deporte y la actividad física. Tomo 1 | ||
| 260 | _aEspaña | ||
| 260 | _bEditorial Océano | ||
| 260 | _c2014 | ||
| 300 | _a288 páginas | ||
| 505 | _aContiene disco compacto N 707 | ||
| 650 | _aEDUCACIÓN FÍSICA | ||
| 650 | _aFISIOLOGÍA | ||
| 650 | _aVIDA SALUDABLE | ||
| 650 | _aADULTO MAYOR | ||
| 650 | _aDEPORTE DE COMPETICIÓN | ||
| 650 | _aNUTRICIÓN | ||
| 650 | _aALTO RENDIMIENTO | ||
| 650 | _aFATIGA | ||
| 650 | _aMEDICINA DEL DEPORTE | ||
| 650 | _aENTRENAMIENTO | ||
| 650 | _aDOPAJE | ||
| 942 |
_cBK _2ddc |
||
| 999 |
_c7326 _d7326 |
||